000 00438nam a2200181Ia 4500
001 19890
005 20260306172726.0
008 260306t2013||||xx |||||||||||||| ||spa||
041 _aESP
082 _a341.4
_bA87C
100 _aAtienza Rodríguez, Manuel
_eAUT
245 0 _aCurso de argumentación jurídica
260 _c2013
300 _a870 páginas :
_c24 cm.
650 _aGEN
654 _aCDE
942 _cLIB
_dJUS
_fJUS
_2ddc
_n
999 _c19890
_d19890